ZWIERZĘTA na literę Ż - Statystyki

Ogólne statystyki
  • Ten quiz został rozwiązany 209 razy
  • Średni wynik to 9 z 11
Statystyki odpowiedzi
Obrazkowy Odpowiedź % Poprawnych
Żyrafa sawannowa
97%
Żaba trawna
96%
Żółw czerwonolicy
96%
Żubr europejski
96%
Żuk wiosenny
96%
Żmija zygzakowata
94%
Żuraw zwyczajny
93%
Żarłacz biały
84%
Żbik europejski
81%
Żako
52%
Żabnica nawęd
45%
Nie znaleziono quizów pasujących do podanych kryteriów
Rozkład punktacji
Procent ludzi z każdym wynikiem
Percentyl według liczby udzielonych odpowiedzi
Twoja historia wyników
Nie rozwiązałeś tego quizu